| 000 | 00711nam a22002177a 4500 | ||
|---|---|---|---|
| 003 | BD-RjUL | ||
| 005 | 20251120111527.0 | ||
| 008 | 251120s1986 us a|||| i||| 00| 0 eng d | ||
| 035 | _a(BD-RjUL) | ||
| 040 |
_aBD-RjUL _beng _cBD-RjUL _dDLC _eDLC |
||
| 041 | _aeng | ||
| 082 |
_223 _a912.54 _bATM 1986 |
||
| 245 |
_aAtlas of the Child in India, _cMoonis Raza, Sudesh Nangia |
||
| 264 |
_aNew Delhi _bConcept Publishing Company, New Delhi, _c1986 |
||
| 300 |
_a475 page, _billustration ; _c30 cm. |
||
| 336 |
_2Family Planning Foundation. India _aUnited Nations Childrens Fund, New Delhi. |
||
| 504 | _aBibliography note, | ||
| 650 | _aChild | ||
| 700 |
_aRaza, Moonis, Nangia, Sudesh _917358 |
||
| 942 |
_2ddc _cBK |
||
| 999 |
_c85976 _d85976 |
||